000 00468nam a2200157Ia 4500
008 230718s9999 xx 000 0 und d
041 _aeng
082 _a621.3845'6
_bKES
100 _aKeskar D.
_9171457
245 _aMobile Telephony Devices:
_bThe Technological Revolution
260 _c2009
_bICFAI Books
300 _a233
365 _cRs.
_b425.00
700 _aKeskar D. & Poddar R.Ed.
_9191022
906 _dO:0048022-Jan-2010B:109100073004-Nov-2009
_cETC
_b85
999 _c323676
_d323676